000 00890nam a2200253 a 4500
005 20241004063743.0
008 040906s2000 es r 000 0 spa d
020 _a8489967687
020 _a8489967695 v.2
035 _aUPN01000134545
049 _aCG
050 4 _aLC4704
_bG3.3
100 1 _aGarcía Vidal, Jesús
_931197
245 1 0 _aDificultades de aprendizaje e intervención psicopedagógica /
_cJesús García Vidal, Daniel González Manjón.
260 _aMadrid :
_bEOS,
_c2000.
300 _a2 v.
440 0 _aFundamentos psicopedagógicos
505 8 _aContenido :
_gv.1.
_tConcepto, evaluación y tratamiento --
_gv.2.
_tLectura y escritura
650 2 _aDificultades del aprendizaje
_93088
650 4 _aLectura
_xEnseñanza correctiva
_919399
650 4 _aPsicología del aprendizaje
_95221
700 1 _aGonzález Manjón, Daniel,
_ecoaut.
_928884
905 _aLibro
999 _c106696
_d106696